000 00812nam a2200241Ia 4500
008 130821s2003 sp gr spa
020 _a8420633240
040 _aCo-BoUCM
_bspa
041 0 0 _aspa
100 1 _aUnamuno, Miguel de
_d1864-1936.
_955675
245 1 0 _aDel sentimiento trágico de la vida en los hombres y en los pueblos
_cMiguel de Unamuno
260 _aMadrid (España)
_bAlianza Editorial
_c2003
300 _a331 páginas
490 0 _aBiblioteca de Autor
_v0086.
500 _aIncluye índice.
610 7 _aIglesia Católica
_93579
650 0 4 _aExistencialismo
_915411
650 0 4 _aFilosofía de la religión
_915775
650 0 4 _aFilosofía
_975
650 0 4 _99195
_aAntropología Filosófica
942 _cLIBRO
_a2
_e1
_mU543d
_2DEWEY
_h142.78
999 _c44875
_d44875